Nepochybujme o vlastnej kvalite
S riaditeľom firmy Dr. Ostertag Personnel Management Group PhDr. Petrom Ostertágom o situácii v oblasti personálneho poradenstva na Slovensku. Súčasný trh služieb v oblasti rozvoja ľudských zdrojov.
Gespeichert in:
| 1. Verfasser: | |
|---|---|
| Weitere Verfasser: | |
| Format: | Buchkapitel |
| Sprache: | Slowakisch |
| Schlagworte: | |
| Tags: |
Keine Tags, Fügen Sie das erste Tag hinzu!
|
MARC
| LEADER | 00000naa a2200000 4500 | ||
|---|---|---|---|
| 001 | r026720 | ||
| 005 | 20230824091432.4 | ||
| 041 | 0 | |a slo | |
| 044 | |a SK | ||
| 245 | 1 | 0 | |a Nepochybujme o vlastnej kvalite |c P. Ostertág, J. Hyžová |
| 520 | |a S riaditeľom firmy Dr. Ostertag Personnel Management Group PhDr. Petrom Ostertágom o situácii v oblasti personálneho poradenstva na Slovensku. Súčasný trh služieb v oblasti rozvoja ľudských zdrojov. | ||
| 610 | 2 | 0 | |a Slovensko |
| 610 | 2 | 0 | |a 1997 |
| 610 | 2 | 0 | |a zdroje ľudské |
| 610 | 2 | 0 | |a služby poradenské |
| 610 | 2 | 0 | |a poradenstvo personálne |
| 610 | 2 | 0 | |a Dr. Ostertag Personnel Management Group |
| 100 | 1 | |a Ostertág, P. | |
| 700 | 1 | |a Hyžová, J. | |